Manuale di ditrito urbanistico /
Guardado en:
| Autor Principal: | |
|---|---|
| Formato: | Libro |
| Idioma: | Spanish |
| Publicado: |
Milano :
Dott. A. Giuffrè,
1969
|
| Materias: | |
| Etiquetas: |
Agregar Etiqueta
Sin Etiquetas, Sea el primero en etiquetar este registro!
|
| LEADER | 00472nam a22001575a 4500 | ||
|---|---|---|---|
| 001 | DER.der001846 | ||
| 005 | 20060829000000.0 | ||
| 008 | 180615s1969####||||||||||||||||||||spa|| | ||
| 100 | 1 | |a Spantigati, Federico | |
| 245 | 1 | 0 | |a Manuale di ditrito urbanistico / |c Federico Spantigati |
| 260 | |a Milano : |b Dott. A. Giuffrè, |c 1969 | ||
| 300 | 0 | |a 336 p. | |
| 653 | |a PRESUPUESTOS | ||
| 653 | |a PROPIEDAD EDILICIA | ||
| 653 | |a PLANO URBANISTICO | ||
| 859 | |a DERECHO |b BIB. DERECHO |h 340.71 |i SPA |p 003940 | ||
